000 00749nam a2200217Ia 4500
008 191130s2009##################000#0#eng##
020 _a9780520258365
022 _a2008035577
040 _aACL
_cACL
082 _a301.092 GEA
100 _aGeary, Daniel
245 _aRadical ambition : C. Wright Mills, the left, and American social thought
_cDaniel Geary
260 _aBerkeley
_bUniversity of California Press
_cc2009
300 _axi, 277 p. ; 24 cm
500 _aIncludes bibliographical references (p. 221-262) and index
650 _aMills, C. Wright (Charles Wright), 1916-1962
650 _aSociology - United States - History - 20th century
990 _ab45dedadac10000c2618edefdc59bf4a
991 _a225351
999 _c49370
_d49370